Maine et Loire + Loire Atlantique = 12 - Statistiques

Statistiques générales
  • Ce quiz a été pris 120 fois
  • Le résultat moyen est 8 sur 12
Statistiques - réponses
Département % Correct
Loire
97%
Loiret
87%
Ain
80%
Allier
65%
Lot
65%
Marne
64%
Tarn
61%
Orne
60%
Eure
59%
Eure et Loir
55%
Martinique
35%
Réunion
27%
Aucun quiz correspondant
Distribution des résultats
% des personnes avec chaque résultat
Percentile par nombre de réponses
Votre historique - résultats
Vous n’avez pas pris ce quiz